01133nam a2200277Ia 4500003000400000005001700004008004100021020001800062040001800080041000800098082001800106100003100124245018600155250001200341260004400353300003000397650003900427650004600466650003900512700003900551700004600590700003900636942003000675999001900705952013100724OSt20251103084636.0210716s2017 xx 000 0 und d a9781788291460 cAIMIT LIBRARY aeng a005.76 bMARL aMartins, L Felipe.9243213 aSciPy recipes: bcookbook with over 110 proven recipes for performing mathematical and scientific computations /cBy L. Felipe Martins, Ruben Oliva Ramos and V. Kishore Ayyadevara. a1st ed. aMumbai :bPackt Publishing Ltd ,c2017. axii,363 p.;bPBc24.5 cm. aGetting started with Numpy9243214 aUsing matplotlib to create graphs9243215 aData wrangling with pandas9243216 aGetting started with Numpy9243344 aUsing matplotlib to create graphs9243345 aData wrangling with pandas9243346 2ddccBKe1stk005.76 MARL c196742d196742 001040708MCAaAIMITbAIMITeKnowledge Worldg1099.00l0o005.76 MARLpMCA16257r2026-05-23 00:00:00v824.25w2021-07-16yBK